| 000 | 01401nam a2200385 i 4500 | ||
|---|---|---|---|
| 001 | 13660 | ||
| 003 | KOSZ 005 | ||
| 005 | 20200630132828.0 | ||
| 008 | 080112s1968 pl a f f 000 0 pol | ||
| 015 | _aPB 1968/949 | ||
| 040 |
_aWA N _cWA N _dKOSZ 005/RW |
||
| 041 | 1 |
_apol _beng _brus _hslo |
|
| 080 | _a62 | ||
| 080 | _a66/69 | ||
| 080 | _a331.054 | ||
| 245 | 0 | 0 |
_aZ zagadnień psychologii przemysłowej : _bpraca zbiorowa / _cpod redakcją J. Daniela ; tłumaczenie Helena Gadomska. |
| 246 | 1 |
_iTytuł oryginału: _aPsychologické problémy v priemyselnej výrobe. |
|
| 260 |
_aWarszawa : _bPaństwowe Wydawnictwo Naukowe, _c1968. |
||
| 300 |
_a183, [1] strony : _bilustracje ; _c18 cm. |
||
| 336 |
_aTekst _btxt _2rdacontent |
||
| 337 |
_aBez urządzenia pośredniczącego _bn _2rdamedia |
||
| 338 |
_aWolumin _bnc _2rdacarrier |
||
| 380 | _aKsiążki. | ||
| 504 | _aBibliografia przy pracach. | ||
| 546 | _aStreszczenie w języku angielskim, rosyjskim. | ||
| 650 | 4 | _aPsychologia pracy | |
| 658 | _aPsychologia | ||
| 658 | _aGospodarka, ekonomia, finanse | ||
| 650 | 4 | _aPrzemysł | |
| 700 | 1 |
_aDaniel, Jozef. _eRedakcja |
|
| 700 | 1 |
_aGadomska, Helena. _eTłumaczenie |
|
| 710 | 2 |
_aPaństwowe Wydawnictwo Naukowe _4pbl. |
|
| 856 |
_uhttp://koha.tu.koszalin.pl/cgi-bin/koha/opac-detail.pl?biblionumber=13660 _yKatalog online BPK |
||
| 942 |
_2UKD _cKS |
||
| 999 |
_c13660 _d13660 |
||